| 000 | 00451nam a2200181Ia 4500 | ||
|---|---|---|---|
| 001 | 21124 | ||
| 005 | 20260306172856.0 | ||
| 008 | 260306t2023||||xx |||||||||||||| ||spa|| | ||
| 041 | _aESP | ||
| 082 |
_a344 _bS55L |
||
| 100 |
_aSilva Sánchez, Jesús-María, _eAUT |
||
| 245 | 0 |
_aLecciones de derecho penal : _bparte especial |
|
| 260 | _c2023 | ||
| 300 |
_a486 páginas : _c24 cm. |
||
| 650 | _aGEN | ||
| 654 | _aCDE | ||
| 942 |
_cLIB _dJUS _fJUS _2ddc _n |
||
| 999 |
_c21124 _d21124 |
||